Score 0/70 Timer 10:00
1 Play Today
Episodes Name of Character % Correct
148Buffy Summers
99.1%
169Angel
98.7%
147Willow Rosenberg
96.4%
145Xander Harris
95.1%
121Spike
94.9%
123Rupert Giles
94%
147Cordelia Chase
93.3%
110Wesley Wyndam-Pryce
88.2%
66Dawn Summers
86.5%
24Drusilla
86.3%
26Faith Lehane
86.1%
58Joyce Summers
86%
47Tara Maclay
84.6%
85Anya Jenkins
83.6%
40Daniel 'Oz' Osbourne
82%
26Darla
81.7%
31Riley Finn
81.1%
8The Master
80.3%
70Winifred 'Fred' Burkle
80.2%
29Andrew Wells
76.8%
29Jonathan Levinson
76.7%
13Glory
76.4%
91Charles Gunn
76.3%
33Harmony Kendall
75.9%
14Mayor Richard Wilkins
74.5%
16Warren Mears
73.8%
9Adam
72.2%
76Lorne
68.6%
28Connor
64.5%
13Kennedy
62.3%
19Principal Snyder
62.1%
21Lindsey Mcdonald
60.5%
14Jenny Calendar
59.6%
11Allen Doyle
57.7%
9Prof. Maggie Walsh
57.4%
Episodes Name of Character % Correct
35Lilah Morgan
56.8%
14Ben
55.3%
12Forrest Gates
52.6%
5Caleb
51.6%
14Robin Wood
51.6%
8Amy Madison
51.2%
5Mr. Trick
48.9%
8Clem
48.4%
8Violet
46.8%
13Graham Miller
43.5%
5Parker Abrams
42.6%
5Jasmine
41.7%
10Eve
41.1%
15Detective Kate Lockley
39%
10Amanda
38.5%
11Daniel Holtz
35.4%
7Halfrek
34.9%
8Holland Manners
34.9%
8Rona
34.7%
6Larry Blaisdell
34.2%
5Molly
33.6%
5Willy
31.1%
12Gavin Park
30.6%
8The Beast
29.8%
9The Groosalugg
29.1%
5Percy West
28.1%
5Marcus Hamilton
26%
8Justine Cooper
24.9%
6Chao-Ahn
24.3%
6Jinx
24.2%
8Devon MacLeish
24.2%
7Knox
22.4%
6Linwood
20.4%
6Murk
19.3%
8Sahjhan
16.7%
Remove Ads.
Support Sporcle.
Get the best of Sporcle when you Go Orange. This ad-free experience offers more features, more stats, and more fun while also helping to support Sporcle. Thank you for becoming a member.

You're not logged in!

Compare scores with friends on all Sporcle quizzes.
OR
Log In

Show Comments

Extras

Top Quizzes Today


Score Distribution

Your Account Isn't Verified!

In order to create a playlist on Sporcle, you need to verify the email address you used during registration. Go to your Sporcle Settings to finish the process.

Report this User

Report this user for behavior that violates our Community Guidelines.

Details: